MARC

LEADER 00000nas a2200000 a 4500
001 ssj0012514
003 WaSeSS
005 20200512172242.0
006 m d
007 cr n
008 801105d19802009inubr p s 0 a0eng c
010 |a sn 80002761  
016 7 |a 012390965  |2 Uk 
022 |l 0272-7145  |y 0272-7145 
032 |a 012642  |b USPS 
035 |a (WaSeSS)ssj0012514 
037 |b Children's Digest, P.O. Box 3400, Bergenfield, NJ 07621 
040 |a NSD  |b eng  |c NSD  |d AIP  |d NSD  |d OCL  |d NST  |d NSD  |d OCL  |d DLC  |d OCLCQ  |d DLC  |d IJ8  |d NSD  |d BNY  |d OCLCQ  |d CUS  |d UKMGB  |d OCLCF  |d OCLCO  |d GILDS  |d OCLCO  |d OCLCA  |d OCLCQ  |d OCLCO  |d WaSeSS 
042 |a nsdp  |a pcc 
050 0 0 |a AP201  |b .C535 
082 0 0 |a 028.5 
130 0 |a Children's digest (Indianapolis, Ind.) 
210 0 |a Child. dig.  |b (Indianapolis. : 1981) 
222 0 |a Children's digest  |b (Indianapolis. : 1981) 
245 1 0 |a Children's digest  |h [electronic resource]. 
260 |a Indianapolis, IN :  |b Benjamin Franklin Literary & Medical Society,  |c 1980- 
310 |a Bimonthly,  |b <2003->2009 
321 |a Monthly (except bimonthly Apr.-Sept.) 
362 0 |a Vol. 30, no. 302 (Dec. 1980)- 
362 1 |a Ceased with May/June 2009. 
490 1 |a Children's health publications 
506 |a License restrictions may limit access. 
650 0 |a Health  |v Periodicals. 
650 0 |a Literature  |v Collections  |v Periodicals. 
650 7 |a Health.  |2 fast  |0 (OCoLC)fst00952743 
650 7 |a Literature.  |2 fast  |0 (OCoLC)fst00999953 
655 0 |a Electronic journals. 
710 2 |a Benjamin Franklin Literary & Medical Society. 
780 0 0 |t Children's digest and children's playcraft  |x 0273-7582  |w (DLC)sn 80002758  |w (COoLC)6903813 
785 0 4 |t Jack and Jill  |x 0021-3829  |w (DLC) 40035922  |w (OCoLC)1754091 
830 0 |a Children's health publications. 
850 |a DLC  |a OCU 
856 4 0 |z Full text available from Research Library: 12/01/1996 to 05/31/2009  |u https://search.proquest.com/publication/35916